| 000 | 00000nam##2200000za#4500 |
| 001 | 9.569701 |
| 003 | CaOODSP |
| 005 | 20210624181907 |
| 007 | cr ||||||||||| |
| 008 | 150406|2008||||xxc|||||o f|0| 0 eng|d |
| 040 | |aCaOODSP|beng |
| 043 | |an-cn--- |
| 086 | 1 |aNH18-1/352-2008E-PDF |
| 110 | 2 |aCanada Mortgage and Housing Corporation. |
| 245 | 10|aCMHC dehumidifier field study : |h[electronic resource]|bfinal report |
| 246 | 3 |aEffectiveness of dehumidifiers in controlling moisture in houses = Efficacité des déshumidificateurs à contrôler l'humidité dans les maisons |
| 260 | |aOttawa - Ontario : |bCanada Mortgage and Housing Corporation |cSeptember 2008 (main report), May 2009 (Research highlight). |
| 300 | |a85p.|bgraphs, references, tables, photographs |
| 490 | 1 |aResearch report |
| 500 | |aIncludes: Research highlight (Technical series 09-106, May 2009) under the title "Effectiveness of dehumidifiers in controlling moisture in houses". Y compris : Le point en recherche (Série technique 09-106, mai 2009) sous le titre « Efficacité des déshumidificateurs à contrôler l'humidité dans les maisons ». |
| 546 | |a(Comprend du texte en français.) |
| 590 | |a11-26-Supp|b2011-11-03 |
| 830 | #0|aResearch report (Canada Mortgage and Housing Corporation : Online)|w(CaOODSP)9.506068 |
| 856 | 40|ahttp://publications.gc.ca|qPDF|s2.54 MB|uhttps://publications.gc.ca/collections/collection_2011/schl-cmhc/nh18-1/NH18-1-352-2008-eng.pdf |